<?xml version="1.0" encoding="UTF-8"?><?xml-stylesheet type="text/xsl" href="static/style.xsl"?><OAI-PMH xmlns="http://www.openarchives.org/OAI/2.0/" xmlns:xsi="http://www.w3.org/2001/XMLSchema-instance" xsi:schemaLocation="http://www.openarchives.org/OAI/2.0/ http://www.openarchives.org/OAI/2.0/OAI-PMH.xsd"><responseDate>2026-06-05T04:04:42Z</responseDate><request verb="GetRecord" identifier="oai:riubu.ubu.es:10259/203" metadataPrefix="marc">https://riubu.ubu.es/oai/request</request><GetRecord><record><header><identifier>oai:riubu.ubu.es:10259/203</identifier><datestamp>2022-04-26T11:42:12Z</datestamp><setSpec>com_10259_2699</setSpec><setSpec>col_10259_2723</setSpec></header><metadata><record xmlns="http://www.loc.gov/MARC21/slim" xmlns:doc="http://www.lyncode.com/xoai" xmlns:xsi="http://www.w3.org/2001/XMLSchema-instance" xmlns:dcterms="http://purl.org/dc/terms/" xsi:schemaLocation="http://www.loc.gov/MARC21/slim http://www.loc.gov/standards/marcxml/schema/MARC21slim.xsd">
<leader>00925njm 22002777a 4500</leader>
<datafield tag="042" ind1=" " ind2=" ">
<subfield code="a">dc</subfield>
</datafield>
<datafield tag="720" ind1=" " ind2=" ">
<subfield code="a">Serrano López, Roberto</subfield>
<subfield code="e">author</subfield>
</datafield>
<datafield tag="260" ind1=" " ind2=" ">
<subfield code="c">2011</subfield>
</datafield>
<datafield tag="520" ind1=" " ind2=" ">
<subfield code="a">En esta Tesis, se recoge una etapa de la Historia de la Construcción en las Provincias de Burgos y Palencia, realizando un análisis de la progresiva implantación del hierro como material en diferentes ejecuciones de muy distinta índole. Se realiza una contextualización previa en la situación histórica de las zonas de estudio, así como de las novedades que fueron apareciendo en el ámbito de la tecnología de las estructuras. Igualmente, se han dedicado capítulos al análisis de las características y posibilidades estéticas de este material, así como su conexión con las corrientes estilísticas del siglo XIX y principios del XX dentro de la Historia del Arte, particularizada a los ejemplos que, de cada una de ellas, han podido documentarse (en forma de catálogo) para las provincias de Burgos y Palencia en el intervalo temporal entre 1830 y 1940. Finalmente se incluyen reseñas biográficas de los autores más importantes.</subfield>
</datafield>
<datafield tag="024" ind2=" " ind1="8">
<subfield code="a">http://hdl.handle.net/10259/203</subfield>
</datafield>
<datafield tag="024" ind2=" " ind1="8">
<subfield code="a">10.36443/10259/203</subfield>
</datafield>
<datafield ind1=" " ind2=" " tag="653">
<subfield code="a">patrimonio industrial</subfield>
</datafield>
<datafield ind1=" " ind2=" " tag="653">
<subfield code="a">arqueología industrial</subfield>
</datafield>
<datafield ind1=" " ind2=" " tag="653">
<subfield code="a">puentes</subfield>
</datafield>
<datafield ind1=" " ind2=" " tag="653">
<subfield code="a">estructuras metálicas</subfield>
</datafield>
<datafield ind1=" " ind2=" " tag="653">
<subfield code="a">siglo XIX</subfield>
</datafield>
<datafield ind1=" " ind2=" " tag="653">
<subfield code="a">industrial heritage</subfield>
</datafield>
<datafield ind1=" " ind2=" " tag="653">
<subfield code="a">industrial archeology</subfield>
</datafield>
<datafield ind1=" " ind2=" " tag="653">
<subfield code="a">bridges</subfield>
</datafield>
<datafield ind1=" " ind2=" " tag="653">
<subfield code="a">iron and steel structures</subfield>
</datafield>
<datafield ind1=" " ind2=" " tag="653">
<subfield code="a">19th century</subfield>
</datafield>
<datafield tag="245" ind1="0" ind2="0">
<subfield code="a">Arquitectura e ingeniería del hierro en las provincias de Burgos y Palencia (1830-1940)</subfield>
</datafield>
</record></metadata></record></GetRecord></OAI-PMH>